[Event "19th Hoogeveen op"]
[Site "Hoogeveen NED"]
[Date "2015.10.19"]
[Round "4.35"]
[White "Van Dorp, Folke"]
[Black "De Wolf, Kees"]
[Result "1-0"]
[WhiteElo "2168"]
[BlackElo "1982"]
[EventDate "2015.10.17"]
[PlyCount "106"]

1.e4 e6 2.d4 d5 3.Nc3 Bb4 4.e5 c5 5.a3 Bxc3+ 6.bxc3 Qc7 7.Bd2 Ne7 8.h4 b6 
9.h5 h6 10.Qg4 Nf5 11.Bd3 Kf8 12.Ne2 cxd4 13.cxd4 Nc6 14.Qf4 a5 15.g4 Nfe7
16.g5 Nf5 17.Bxf5 exf5 18.gxh6 gxh6 19.Rg1 Be6 20.Qg3 Ke7 21.Bxh6 Kd7 22.
Qe3 Rxh6 23.Qxh6 Nxd4 24.Nxd4 Qc3+ 25.Ke2 Qxd4 26.Qe3 Qc4+ 27.Qd3 Qf4 28.
Rab1 Rb8 29.Qe3 Qc4+ 30.Kd1 f4 31.Qd3 Qc7 32.Qd4 Rc8 33.Rb2 b5 34.h6 Qc4 
35.Qxc4 bxc4 36.Rg5 Rh8 37.Rb5 Rxh6 38.Rxa5 Rh1+ 39.Kd2 d4 40.Rc5 Ra1 41.
Rg8 Rxa3 42.Rgc8 Ra7 43.R8c6 Ke7 44.Rc7+ Rxc7 45.Rxc7+ Ke8 46.Rc6 Ke7 47.
Rb6 Bf5 48.Rf6 c3+ 49.Kc1 Bg6 50.Rxf4 d3 51.cxd3 Bxd3 52.Rf3 Be4 53.Rxc3 
Ke6 1-0

[Event "19th Hoogeveen op"]
[Site "Hoogeveen NED"]
[Date "2015.10.19"]
[Round "4.36"]
[White "Bekedam, Tyro"]
[Black "Boersma, Jan"]
[Result "1-0"]
[WhiteElo "1981"]
[BlackElo "2153"]
[EventDate "2015.10.17"]
[PlyCount "27"]

1.e4 c5 2.Nf3 g6 3.d4 cxd4 4.Nxd4 Nc6 5.Be3 Bg7 6.Nc3 Nf6 7.Bc4 Qa5 8.O-O 
O-O 9.Bb3 d6 10.h3 Bd7 11.Qd2 Nxe4 12.Nxc6 Bxc3 13.Nxe7+ Kh8 14.Bd4+ 1-0

[Event "19th Hoogeveen op"]
[Site "Hoogeveen NED"]
[Date "2015.10.19"]
[Round "4.37"]
[White "Van Dael, Siem"]
[Black "Zepeda, Lorena"]
[Result "0-1"]
[WhiteElo "1978"]
[BlackElo "2106"]
[EventDate "2015.10.17"]
[PlyCount "64"]

1.e4 c5 2.Nf3 d6 3.d4 cxd4 4.Nxd4 Nf6 5.Nc3 a6 6.Be3 e5 7.Nb3 Be6 8.Be2 
Be7 9.O-O O-O 10.f4 exf4 11.Bxf4 Nc6 12.Bf3 Ne5 13.Nd5 Bxd5 14.exd5 Nfd7 
15.Kh1 Bf6 16.c3 Re8 17.Bg4 Nb6 18.Bxe5 Rxe5 19.Rf5 Rxf5 20.Bxf5 g6 21.Bd3
Be5 22.Qf3 Nd7 23.Rf1 Qe7 24.Na5 Bg7 25.Nc4 Re8 26.Qf2 f5 27.Qg3 Nc5 28.h3
b5 29.Nd2 Qe3 30.Qxe3 Rxe3 31.Bb1 Re2 32.Rd1 Bh6 0-1

[Event "19th Hoogeveen op"]
[Site "Hoogeveen NED"]
[Date "2015.10.19"]
[Round "4.38"]
[White "Hummel, Joop"]
[Black "Berghuis, Marten"]
[Result "0-1"]
[WhiteElo "1990"]
[BlackElo "1981"]
[EventDate "2015.10.17"]
[PlyCount "86"]

1.d4 d5 2.c4 dxc4 3.e3 Nf6 4.Bxc4 e6 5.Nf3 Be7 6.Nc3 a6 7.a4 Nc6 8.O-O O-O
9.e4 Nb4 10.Qe2 c5 11.dxc5 Bxc5 12.Bg5 Be7 13.Rfd1 Nd7 14.Bf4 Qa5 15.e5 
Nb6 16.Qe4 Bd7 17.Bb3 Bc6 18.Qe2 Rfd8 19.Nd4 Bd5 20.Nxd5 N6xd5 21.Bd2 Qb6 
22.Be1 Nf4 23.Qe4 Rxd4 24.Rxd4 Qxd4 25.Qxb7 Qa7 26.Qe4 Nfd5 27.a5 Rc8 28.
Bd2 Bc5 29.Kh1 Qe7 30.Rc1 Rd8 31.h4 Bxf2 32.Bg5 f6 33.exf6 gxf6 34.Bh6 f5 
35.Qc4 Qxh4+ 36.Qxh4 Bxh4 37.Bxd5 Nxd5 38.Kh2 Rd6 39.Rc8+ Kf7 40.Bf8 Be7 
41.Bh6 Kg6 42.Bd2 Bf6 43.b3 Be5+ 0-1

[Event "19th Hoogeveen op"]
[Site "Hoogeveen NED"]
[Date "2015.10.20"]
[Round "5.1"]
[White "l`Ami, Erwin"]
[Black "Vishnu, Prasanna V"]
[Result "1/2-1/2"]
[WhiteElo "2619"]
[BlackElo "2503"]
[EventDate "2015.10.17"]
[PlyCount "125"]

1.d4 Nf6 2.c4 e6 3.Nf3 d5 4.Nc3 Bb4 5.Qa4+ Nc6 6.a3 Bxc3+ 7.bxc3 Ne4 8.Bf4
O-O 9.Qc2 b6 10.cxd5 exd5 11.e3 g5 12.Bg3 Bf5 13.Bd3 Re8 14.O-O Na5 15.Nd2
Nc4 16.Nxc4 dxc4 17.Bxe4 Bxe4 18.Qd1 c6 19.f3 Bd3 20.Re1 Qf6 21.e4 Rad8 
22.Qd2 Qg6 23.Re3 Re6 24.Rae1 h6 25.h3 Kh7 26.Qf2 f5 27.d5 cxd5 28.exd5 
Rxe3 29.Qxe3 Rxd5 30.Qe7+ Qg7 31.Qe8 Rd7 32.Be5 Qf7 33.Qh8+ Kg6 34.Bd4 f4 
35.Re8 Kh5 36.Kh2 Bg6 37.Re5 Qh7 38.Qc8 Bf5 39.Qf8 Rf7 40.Qe8 Bd7 41.Qd8 
Bf5 42.Re8 Rd7 43.Qf6 Qf7 44.Qh8 Bg6 45.Re1 Bf5 46.h4 Qh7 47.Qe5 Qf7 48.
hxg5 hxg5 49.Kg1 Kg6 50.Kf2 Qf8 51.Rh1 Rh7 52.Re1 Rd7 53.a4 Rd6 54.Rh1 Re6
55.Qc7 Qe7 56.Qxc4 Qa3 57.Re1 Qb2+ 58.Kf1 Rxe1+ 59.Kxe1 Qc1+ 60.Kf2 Qd2+ 
61.Kg1 Qe1+ 62.Kh2 Qh4+ 63.Kg1 1/2-1/2

[Event "19th Hoogeveen op"]
[Site "Hoogeveen NED"]
[Date "2015.10.20"]
[Round "5.2"]
[White "Debashis, Das"]
[Black "Sengupta, Deep"]
[Result "0-1"]
[WhiteElo "2501"]
[BlackElo "2580"]
[EventDate "2015.10.17"]
[PlyCount "96"]

1.d4 d5 2.c4 dxc4 3.e3 Nf6 4.Bxc4 e6 5.Nf3 a6 6.O-O c5 7.Bb3 Be7 8.Nc3 O-O
9.e4 cxd4 10.Nxd4 Qc7 11.Qf3 Bd6 12.h3 Bd7 13.Be3 Nc6 14.Rac1 Bh2+ 15.Kh1 
Be5 16.Nde2 Rac8 17.Na4 b5 18.Nb6 Rb8 19.Nxd7 Qxd7 20.Bf4 Bxf4 21.Qxf4 Nd4
22.Rcd1 Nxe2 23.Qe3 Qc6 24.Qxe2 Qxe4 25.Qxe4 Nxe4 26.Bc2 Nf6 27.Rd6 Rfd8 
28.Rfd1 Nd5 29.Rxd8+ Rxd8 30.Be4 f5 31.Bf3 Kf7 32.Kg1 Ke7 33.Rc1 Rd6 34.
Rc8 h6 35.g3 Nb6 36.Rc7+ Rd7 37.Rc6 Rd6 38.Rc7+ Kf6 39.Kg2 Nc4 40.b3 Ne5 
41.Bb7 a5 42.Rc2 Nd3 43.Kf1 Nb4 44.Re2 e5 45.a3 Rd1+ 46.Kg2 Nd3 47.Bc6 
Ne1+ 48.Kh2 e4 0-1

[Event "19th Hoogeveen op"]
[Site "Hoogeveen NED"]
[Date "2015.10.20"]
[Round "5.3"]
[White "Gupta, Abhijeet"]
[Black "Shabalov, Alexander"]
[Result "1-0"]
[WhiteElo "2629"]
[BlackElo "2522"]
[EventDate "2015.10.17"]
[PlyCount "67"]

1.d4 Nf6 2.c4 g6 3.Nc3 Bg7 4.e4 d6 5.Nf3 O-O 6.h3 e5 7.d5 Nh5 8.g3 f5 9.
exf5 gxf5 10.Nh4 Qe8 11.Be2 Nf6 12.Bg5 Na6 13.Qc2 Nb4 14.Qd2 a5 15.a3 Na6 
16.Qc2 Nc5 17.Be3 e4 18.O-O-O Nfd7 19.Kb1 Ra6 20.Nb5 Qd8 21.Ng2 c6 22.Nd4 
Ne5 23.Nf4 Bd7 24.g4 cxd5 25.cxd5 Ba4 26.Qd2 Ncd3 27.Bxd3 exd3 28.Rc1 Rb6 
29.Nfe6 Qf6 30.Nxg7 f4 31.Nh5 Qg6 32.Nxf4 Qe4 33.f3 Bc2+ 34.Ka1 1-0

[Event "19th Hoogeveen op"]
[Site "Hoogeveen NED"]
[Date "2015.10.20"]
[Round "5.4"]
[White "Pruijssers, Roeland"]
[Black "Bok, Benjamin"]
[Result "0-1"]
[WhiteElo "2501"]
[BlackElo "2591"]
[EventDate "2015.10.17"]
[PlyCount "52"]

1.e4 c5 2.Nf3 d6 3.d4 cxd4 4.Nxd4 Nf6 5.Nc3 a6 6.Be3 e6 7.f4 b5 8.a3 Bb7 
9.Bd3 Nbd7 10.Qf3 Rc8 11.O-O g6 12.Rae1 Bg7 13.Kh1 O-O 14.Qh3 Nc5 15.f5 e5
16.Nf3 Ncxe4 17.Nxe4 Bxe4 18.Bxe4 Nxe4 19.Bh6 Nf6 20.Ng5 Rxc2 21.fxg6 hxg6
22.Bxg7 Kxg7 23.Rxf6 Kxf6 24.Rf1+ Kxg5 25.Qe3+ Kh5 26.g4+ Kxg4 0-1

[Event "19th Hoogeveen op"]
[Site "Hoogeveen NED"]
[Date "2015.10.20"]
[Round "5.5"]
[White "Neelotpal, Das"]
[Black "Stocek, Jiri"]
[Result "1/2-1/2"]
[WhiteElo "2465"]
[BlackElo "2566"]
[EventDate "2015.10.17"]
[PlyCount "44"]

1.e4 e5 2.Nf3 Nc6 3.Bb5 g6 4.d4 exd4 5.Bg5 Be7 6.Bxe7 Qxe7 7.Bxc6 dxc6 8.
Qxd4 Nf6 9.Nbd2 c5 10.Qe5 b6 11.O-O-O Bb7 12.Rhe1 Rd8 13.Qg5 h6 14.Qe5 a5 
15.Qxe7+ Kxe7 16.Ne5 Ke6 17.Nd3 g5 18.f3 Ba6 19.Nf1 Bxd3 20.cxd3 Nd7 21.d4
cxd4 22.Rxd4 Nc5 1/2-1/2

[Event "19th Hoogeveen op"]
[Site "Hoogeveen NED"]
[Date "2015.10.20"]
[Round "5.6"]
[White "Bogner, Sebastian"]
[Black "Ankit, R Rajpara"]
[Result "1/2-1/2"]
[WhiteElo "2557"]
[BlackElo "2467"]
[EventDate "2015.10.17"]
[PlyCount "55"]

1.d4 d5 2.c4 c6 3.Nc3 Nf6 4.e3 e6 5.Nf3 Nbd7 6.Qc2 Bd6 7.Bd3 O-O 8.O-O 
dxc4 9.Bxc4 c5 10.a3 a6 11.dxc5 Bxc5 12.Bd3 b6 13.b4 Be7 14.Bb2 Bb7 15.
Rfd1 Rc8 16.e4 Qc7 17.Rac1 b5 18.Qe2 Qb8 19.Nb1 Bd6 20.Nbd2 Ne5 21.Bb1 
Rxc1 22.Rxc1 Nfd7 23.Qe3 Nxf3+ 24.Nxf3 Ne5 25.Bxe5 Bxe5 26.g3 Bc7 27.e5 
Bxf3 28.Qxf3 1/2-1/2

[Event "19th Hoogeveen op"]
[Site "Hoogeveen NED"]
[Date "2015.10.20"]
[Round "5.7"]
[White "Kevlishvili, Robby"]
[Black "Gopal, Geetha Narayanan"]
[Result "1/2-1/2"]
[WhiteElo "2361"]
[BlackElo "2536"]
[EventDate "2015.10.17"]
[PlyCount "69"]

1.e4 c5 2.Nf3 d6 3.d4 cxd4 4.Nxd4 Nf6 5.Nc3 a6 6.g3 e5 7.Nde2 Be7 8.Bg2 
Nbd7 9.a4 b6 10.Nd5 Nxd5 11.Qxd5 Rb8 12.Nc3 Nf6 13.Qd3 h6 14.O-O O-O 15.b3
Qc7 16.Bb2 Bb7 17.Kh1 Rbc8 18.Rac1 Qc5 19.Nd1 Qb4 20.f3 Rfd8 21.c4 b5 22.
cxb5 axb5 23.Rxc8 Bxc8 24.Qxb5 Qxb5 25.axb5 Bd7 26.Nc3 Rb8 27.Rb1 Bxb5 28.
Nxb5 Rxb5 29.Ba1 Nd7 30.Bf1 Rb8 31.Kg2 Kf8 32.Kf2 Bd8 33.Bd3 Ke7 34.Ke2 
Ba5 35.Bc4 1/2-1/2

[Event "19th Hoogeveen op"]
[Site "Hoogeveen NED"]
[Date "2015.10.20"]
[Round "5.8"]
[White "Ernst, Sipke"]
[Black "Baskin, Robert"]
[Result "1/2-1/2"]
[WhiteElo "2527"]
[BlackElo "2338"]
[EventDate "2015.10.17"]
[PlyCount "99"]

1.d4 d5 2.c4 c6 3.Nf3 Nf6 4.Nc3 e6 5.Bg5 dxc4 6.a4 Bb4 7.e4 b5 8.e5 h6 9.
exf6 hxg5 10.fxg7 Rg8 11.h4 g4 12.Ne5 Rxg7 13.h5 g3 14.f4 Qd5 15.h6 Rh7 
16.Qd2 Bxc3 17.bxc3 Nd7 18.Be2 Nxe5 19.dxe5 Qxd2+ 20.Kxd2 Bb7 21.Bf3 
O-O-O+ 22.Ke2 c5 23.axb5 Rd3 24.Bc6 Bxc6 25.bxc6 Kc7 26.Ra6 Rxc3 27.Rd1 
Rd3 28.Rxd3 cxd3+ 29.Kxd3 Rxh6 30.Kc4 Rh1 31.Kxc5 Rc1+ 32.Kd4 Rc2 33.Ke3 
Rxg2 34.Kf3 Rg1 35.Rxa7+ Kxc6 36.Rxf7 g2 37.Kf2 Ra1 38.Kxg2 Ra3 39.Rg7 Kd5
40.Rg3 Ra1 41.Re3 Kd4 42.Kf2 Rb1 43.Re2 Rb3 44.Kg2 Ra3 45.Re1 Rb3 46.Rf1 
Ke4 47.f5 Kxe5 48.f6 Rb8 49.Kg3 Rf8 50.f7 1/2-1/2

[Event "19th Hoogeveen op"]
[Site "Hoogeveen NED"]
[Date "2015.10.20"]
[Round "5.9"]
[White "Paulet, Iozefina"]
[Black "Werle, Jan"]
[Result "0-1"]
[WhiteElo "2184"]
[BlackElo "2524"]
[EventDate "2015.10.17"]
[PlyCount "94"]

1.e4 c5 2.Nc3 e6 3.Nf3 Nc6 4.d4 cxd4 5.Nxd4 Qc7 6.Be3 Nf6 7.Be2 Be7 8.O-O 
O-O 9.Kh1 d6 10.f4 a6 11.Qe1 Nxd4 12.Bxd4 b5 13.Bd3 Bb7 14.a3 Nd7 15.Qg3 
Bf6 16.Ne2 e5 17.fxe5 Bxe5 18.Bxe5 dxe5 19.Rf5 f6 20.b4 Nb6 21.Raf1 Qe7 
22.Qh4 Rf7 23.R5f3 Raf8 24.Nc3 g6 25.Qf2 Qe6 26.a4 bxa4 27.Qe2 Qc8 28.Nb1 
f5 29.Na3 fxe4 30.Bxe4 Rxf3 31.Rxf3 Rxf3 32.Bxf3 Qc3 33.Nb1 Bxf3 34.gxf3 
Qxb4 35.Nd2 Nd7 36.Ne4 Qb5 37.Qd1 a3 38.Kg2 a2 39.Nc3 Qc6 40.Nxa2 a5 41.
Qd3 Nf8 42.Qb3+ Kg7 43.Nc3 Ne6 44.Ne4 Nf4+ 45.Kf2 a4 46.Qb2 Qd5 47.Ke3 a3 
0-1

[Event "19th Hoogeveen op"]
[Site "Hoogeveen NED"]
[Date "2015.10.20"]
[Round "5.10"]
[White "Ehlvest, Jaan"]
[Black "Gieben, Stijn"]
[Result "1-0"]
[WhiteElo "2535"]
[BlackElo "1955"]
[EventDate "2015.10.17"]
[PlyCount "69"]

1.Nf3 Nf6 2.d4 d5 3.c4 c6 4.e3 Bf5 5.Nc3 e6 6.Nh4 Bg6 7.Be2 Nbd7 8.Nxg6 
hxg6 9.Bd2 Be7 10.Rc1 Rc8 11.O-O O-O 12.Qc2 a6 13.Rfd1 b5 14.b3 Re8 15.Bd3
Ba3 16.Rb1 e5 17.Bf1 Bd6 18.dxe5 Nxe5 19.h3 b4 20.Na4 a5 21.Rbc1 Ne4 22.
Be1 Bc7 23.Qe2 Qd6 24.g3 Nd7 25.cxd5 cxd5 26.Qa6 Nef6 27.Qxd6 Bxd6 28.Bb5 
Rcd8 29.Bxd7 Rxd7 30.Nb6 Rdd8 31.Nxd5 Be5 32.Ne7+ Kf8 33.Rxd8 Rxd8 34.Nc6 
Rc8 35.Rc4 1-0

[Event "19th Hoogeveen op"]
[Site "Hoogeveen NED"]
[Date "2015.10.20"]
[Round "5.11"]
[White "Beerdsen, Thomas"]
[Black "Halkias, Stelios"]
[Result "0-1"]
[WhiteElo "2313"]
[BlackElo "2534"]
[EventDate "2015.10.17"]
[PlyCount "212"]

1.e4 e5 2.Bc4 Nf6 3.d3 Nc6 4.Nc3 Na5 5.Nge2 Be7 6.O-O O-O 7.a4 Nxc4 8.dxc4
a5 9.b3 d6 10.Ba3 c6 11.Qd3 Qc7 12.Rad1 Rd8 13.h3 Be6 14.Qf3 Nd7 15.Ng3 
Nc5 16.Bxc5 dxc5 17.Rxd8+ Rxd8 18.Rd1 g6 19.Rxd8+ Qxd8 20.Qd3 Qf8 21.Qe3 
h6 22.Nce2 b6 23.Qf3 Bg5 24.Qc3 Qb8 25.Qd3 Qc7 26.Kh1 Kf8 27.Kg1 Ke7 28.
Nc3 Qb8 29.Kf1 Kf8 30.Kg1 Kg7 31.Kf1 Qf8 32.Qf3 Bc8 33.Kg1 Qd6 34.Qd3 Qf6 
35.Nce2 h5 36.Qc3 Kf8 37.Nf1 Bh6 38.Nh2 Qd6 39.Qd3 Qe7 40.Qg3 Qd6 41.Qd3 
Qe7 42.Qg3 Bg7 43.Nf1 Bd7 44.Nc3 Bh6 45.Qf3 Ke8 46.Qd3 Kd8 47.Ne3 Kc8 48.
Kf1 Qf8 49.Qe2 Qd6 50.Qd3 Qf8 51.Qe2 Be6 52.Ke1 Kb7 53.Qf3 Qd8 54.Qd1 Qe7 
55.Qf3 Qg5 56.Qd1 Kc7 57.Qf3 Qd8 58.Qe2 Qf6 59.Qd3 Qf4 60.Qe2 Kb7 61.Qd3 
Qh2 62.Ncd1 Kc7 63.Qe2 Qf4 64.Nc3 Qh4 65.Qf3 Qd8 66.Qe2 Bg7 67.Qd3 Qf8 68.
Qe2 Qh8 69.Qf3 Qe8 70.Qg3 Qd8 71.Qf3 Qd4 72.Ned1 Bh6 73.Qd3 f5 74.Ne2 Qxe4
75.Qxe4 fxe4 76.Ng3 b5 77.cxb5 cxb5 78.axb5 c4 79.bxc4 Bxc4 80.Nxe4 a4 81.
b6+ Kxb6 82.Nb2 Bb5 83.Nd6 Bf8 84.Nxa4+ Bxa4 85.Nc4+ Kc7 86.Nxe5 Bxc2 87.
Kd2 Bb1 88.g4 h4 89.Nf3 Be7 90.Ke3 g5 91.Nd2 Bc5+ 92.Ke2 Bc2 93.Nf3 Be7 
94.Nd4 Be4 95.f4 gxf4 96.Ne6+ Kd6 97.Nxf4 Bg5 98.Nd3 Bg2 99.Nf2 Ke5 100.
Nd3+ Ke4 101.Nf2+ Kf4 102.Nd3+ Kg3 103.Nf2 Bd8 104.Ke1 Ba5+ 105.Ke2 Bb6 
106.Nd3 Bxh3 0-1

[Event "19th Hoogeveen op"]
[Site "Hoogeveen NED"]
[Date "2015.10.20"]
[Round "5.12"]
[White "Pavlidis, Antonios"]
[Black "Lecomte, Robin"]
[Result "1-0"]
[WhiteElo "2522"]
[BlackElo "2317"]
[EventDate "2015.10.17"]
[PlyCount "91"]

1.e4 c5 2.Nf3 d6 3.d4 cxd4 4.Nxd4 Nf6 5.Nc3 g6 6.g3 Bg7 7.Bg2 O-O 8.O-O a6
9.a4 e5 10.Nb3 Be6 11.h3 Bxb3 12.cxb3 Nc6 13.Be3 Qc7 14.Rc1 Rac8 15.Nd5 
Qb8 16.Nb6 Rcd8 17.Qd2 Rfe8 18.Bg5 Nd4 19.Rc3 h6 20.Be3 d5 21.Nxd5 Nxd5 
22.exd5 Qd6 23.Bxd4 exd4 24.Rc4 Rd7 25.Rfc1 Rde7 26.Rc8 Kh7 27.Rxe8 Rxe8 
28.a5 Qd7 29.Qd3 Qd6 30.h4 Qb4 31.h5 Re1+ 32.Rxe1 Qxe1+ 33.Bf1 Qxa5 34.Qf3
Qc7 35.Bd3 Qe7 36.d6 Qd7 37.Qd5 b5 38.hxg6+ fxg6 39.Qc5 Qe8 40.Qc7 Qe1+ 
41.Kg2 Qe5 42.Qc6 Qe6 43.Qxa6 Qxb3 44.Bxg6+ Kh8 45.d7 Qg8 46.Qb6 1-0

[Event "19th Hoogeveen op"]
[Site "Hoogeveen NED"]
[Date "2015.10.20"]
[Round "5.13"]
[White "Schroeder, Jan Christian"]
[Black "Schoppen, Casper"]
[Result "1/2-1/2"]
[WhiteElo "2519"]
[BlackElo "2220"]
[EventDate "2015.10.17"]
[PlyCount "83"]

1.e4 e5 2.Nf3 Nc6 3.Bb5 a6 4.Ba4 Nf6 5.O-O Be7 6.d3 b5 7.Bb3 O-O 8.Nc3 d6 
9.a3 Be6 10.Nd5 Nd4 11.Nxd4 exd4 12.Nxf6+ Bxf6 13.Bxe6 fxe6 14.Qg4 Qd7 15.
f4 c5 16.Bd2 c4 17.Rae1 c3 18.Bc1 cxb2 19.Bxb2 Rad8 20.e5 dxe5 21.fxe5 Be7
22.Rxf8+ Bxf8 23.Re4 Bc5 24.h4 a5 25.h5 a4 26.h6 g6 27.Rf4 Qe7 28.Rf6 Re8 
29.Qg5 Rf8 30.Qf4 Bxa3 31.Bxd4 Bc5 32.Bxc5 Qxc5+ 33.d4 Qe7 34.d5 exd5 35.
Rxf8+ Qxf8 36.Qd4 Qxh6 37.Qxd5+ Kf8 38.Qd6+ Ke8 39.Qe6+ Kf8 40.Qd6+ Ke8 
41.Qe6+ Kf8 42.Qd6+ 1/2-1/2

[Event "19th Hoogeveen op"]
[Site "Hoogeveen NED"]
[Date "2015.10.20"]
[Round "5.14"]
[White "Den Hartog, Marijn"]
[Black "Dijkhuis, Tycho"]
[Result "1-0"]
[WhiteElo "2158"]
[BlackElo "2355"]
[EventDate "2015.10.17"]
[PlyCount "115"]

1.e4 c5 2.c4 b6 3.g3 Bb7 4.Bg2 g6 5.Ne2 Bg7 6.O-O d6 7.d4 cxd4 8.Nxd4 Nd7 
9.Nc3 a6 10.Be3 Rc8 11.Qe2 Qc7 12.b3 Ngf6 13.Rfe1 e6 14.Rad1 O-O 15.Bc1 
Qb8 16.Bb2 Rfd8 17.h3 Kh8 18.Kh2 g5 19.Rd2 Ne5 20.Nf3 Nxf3+ 21.Bxf3 Nd7 
22.Bg2 b5 23.Nd1 bxc4 24.bxc4 Ne5 25.Ne3 Qc7 26.Qh5 f6 27.Bxe5 dxe5 28.
Red1 Rxd2 29.Rxd2 Bc6 30.Qd1 Bf8 31.Qg4 Qf7 32.h4 h5 33.Qd1 Be7 34.Qa1 
gxh4 35.gxh4 Qg6 36.Qd1 Rg8 37.Bf3 Qh6 38.Ng2 f5 39.Re2 Rd8 40.Qb3 f4 41.
Qb6 Ba4 42.Rb2 Qf6 43.Qxa6 Bd1 44.Bxd1 Rxd1 45.Rb8+ Rd8 46.Rxd8+ Bxd8 47.
f3 Kh7 48.Qc8 Be7 49.c5 Qg7 50.Qc7 Kg8 51.Kh1 Kf8 52.c6 Qg3 53.Qxe5 Qh3+ 
54.Kg1 Ke8 55.Qh8+ Kf7 56.Qxh5+ Kf8 57.c7 e5 58.Qf5+ 1-0

[Event "19th Hoogeveen op"]
[Site "Hoogeveen NED"]
[Date "2015.10.20"]
[Round "5.15"]
[White "Van Osch, Mees"]
[Black "De Jong, Migchiel"]
[Result "1/2-1/2"]
[WhiteElo "2285"]
[BlackElo "2328"]
[EventDate "2015.10.17"]
[PlyCount "177"]

1.e4 d6 2.d4 Nf6 3.Nc3 c6 4.h3 Nbd7 5.Be3 e5 6.Nf3 b5 7.a3 Be7 8.d5 cxd5 
9.Nxd5 Nxd5 10.Qxd5 Rb8 11.Qd1 O-O 12.Bd3 a6 13.O-O Nb6 14.Bxb6 Qxb6 15.c3
Be6 16.Bc2 Bc4 17.Re1 Rfd8 18.Bb3 d5 19.Bxc4 dxc4 20.Qe2 f6 21.Rad1 Bc5 
22.Nh2 Qc6 23.Nf1 g6 24.h4 Kg7 25.h5 Qb6 26.Nh2 Rxd1 27.Rxd1 Rd8 28.Rd2 
Rd6 29.Nf1 Qd8 30.hxg6 hxg6 31.g3 Rxd2 32.Qxd2 Qxd2 33.Nxd2 f5 34.Kg2 Kf6 
35.Kf3 Bf8 36.a4 Bh6 37.axb5 axb5 38.Nb1 Bf8 39.g4 f4 40.Nd2 Ke6 41.Ke2 
Bc5 42.b3 cxb3 43.Nxb3 Bb6 44.Nc1 Ba5 45.Kd2 f3 46.Nd3 Bb6 47.Ne1 Bxf2 48.
Nxf3 Bc5 49.Kc2 Be7 50.Kb3 Bc5 51.c4 bxc4+ 52.Kxc4 Be3 53.Kb5 Bf2 54.Kc6 
Bg3 55.Kc7 Ke7 56.Kb6 Kd6 57.Kb5 Bf2 58.Nd2 Ke6 59.Kc6 Be1 60.Nf3 Bg3 61.
Kc5 Bf2+ 62.Kb5 Kd6 63.Ka6 Bg3 64.Kb6 Bf2+ 65.Kb7 Bg3 66.Kc8 Ke7 67.Kc7 
Bf4 68.Kc8 Bg3 69.Kc7 Bf2 70.Kc6 Ke6 71.Ng5+ Kf6 72.Nh3 Be3 73.Kd5 Bd4 74.
Kd6 Be3 75.Kd5 Bd4 76.Kd6 Be3 77.Kd7 Kf7 78.g5 Bc5 79.Kc6 Bd4 80.Kd6 Kf8 
81.Kd7 Kf7 82.Kd6 Kf8 83.Ke6 Kg7 84.Ke7 Bc5+ 85.Kd7 Kf7 86.Kc6 Be3 87.Kd5 
Bd4 88.Kd6 Kf8 89.Ke6 1/2-1/2

[Event "19th Hoogeveen op"]
[Site "Hoogeveen NED"]
[Date "2015.10.20"]
[Round "5.16"]
[White "Poghosyan, Tigran"]
[Black "Das, Arghyadip"]
[Result "0-1"]
[WhiteElo "2182"]
[BlackElo "2467"]
[EventDate "2015.10.17"]
[PlyCount "60"]

1.e4 c5 2.Nf3 a6 3.c3 e6 4.d4 d5 5.exd5 exd5 6.dxc5 Bxc5 7.Bd3 Nf6 8.O-O 
O-O 9.Nbd2 Nc6 10.Nb3 Bb6 11.Bg5 h6 12.Bh4 Re8 13.h3 g5 14.Bg3 Ne4 15.Bh2 
g4 16.hxg4 Bxg4 17.Qc1 Bxf3 18.gxf3 Ng5 19.Kh1 Bc7 20.f4 Nh3 21.Bg3 Nxf4 
22.Rg1 Kh8 23.Bxf4 Qh4+ 24.Kg2 Bxf4 25.Qd1 Re5 26.Qf3 Rg5+ 27.Kf1 Ne5 28.
Qxd5 Nxd3 29.Qxd3 Rxg1+ 30.Kxg1 Qh2+ 0-1

[Event "19th Hoogeveen op"]
[Site "Hoogeveen NED"]
[Date "2015.10.20"]
[Round "5.17"]
[White "Hendriks, Richard V"]
[Black "Valdes Romero, Leonardo"]
[Result "1/2-1/2"]
[WhiteElo "2107"]
[BlackElo "2362"]
[EventDate "2015.10.17"]
[PlyCount "127"]

1.e4 d6 2.d4 Nf6 3.Nc3 g6 4.f4 Bg7 5.Nf3 O-O 6.Be2 c5 7.dxc5 Qa5 8.O-O 
Qxc5+ 9.Kh1 Nc6 10.Bd3 Bg4 11.Qe1 Bxf3 12.Rxf3 Nb4 13.Bd2 Nxd3 14.cxd3 b5 
15.Rc1 Qb6 16.b3 Rac8 17.Rd1 Qc6 18.Rc1 Qd7 19.f5 b4 20.Na4 Rxc1 21.Qxc1 
Rc8 22.Qe1 Rc2 23.Bxb4 Rxa2 24.d4 Qb5 25.h3 Re2 26.Qf1 Nxe4 27.fxg6 hxg6 
28.Nc3 Nxc3 29.Bxc3 a6 30.Rxf7 Bf6 31.Rxf6 exf6 32.Qxf6 Qf5 33.Qd8+ Kf7 
34.Qc7+ Re7 35.Qc6 g5 36.Bb4 Qf1+ 37.Kh2 Qf4+ 38.Kh1 Qf1+ 39.Kh2 Qf4+ 40.
Kh1 Qxd4 41.Qf3+ Kg6 42.Bc3 Qf4 43.Qd3+ Kf7 44.Qd5+ Kf8 45.Bd2 Qf1+ 46.Kh2
Qb5 47.Qa8+ Kf7 48.Bc3 Qf5 49.Qh8 Qg6 50.Qd4 Qf5 51.Qg7+ Ke8 52.Qg8+ Kd7 
53.Bd2 Qe5+ 54.Kh1 Rg7 55.Qa8 Qa1+ 56.Kh2 Qe5+ 57.Kh1 Qa1+ 58.Kh2 g4 59.
Qb7+ Ke6 60.Qc8+ Ke7 61.Qc7+ Ke6 62.Qc8+ Ke7 63.Qc7+ Ke6 64.Qc8+ 1/2-1/2

[Event "19th Hoogeveen op"]
[Site "Hoogeveen NED"]
[Date "2015.10.20"]
[Round "5.18"]
[White "Van Kooten, Luuk"]
[Black "Clemens, Adrian HP"]
[Result "1/2-1/2"]
[WhiteElo "2350"]
[BlackElo "2175"]
[EventDate "2015.10.17"]
[PlyCount "109"]

1.d4 Nf6 2.c4 c5 3.d5 b5 4.Nf3 g6 5.cxb5 a6 6.b6 Qxb6 7.Nc3 d6 8.e4 Bg7 9.
Nd2 O-O 10.a4 Nbd7 11.a5 Qb7 12.Nc4 Ne8 13.Be2 Nc7 14.O-O Nb5 15.Na4 Nd4 
16.Nab6 Nxb6 17.Nxb6 Ra7 18.Rb1 Bd7 19.Bd3 Bb5 20.b4 Bxd3 21.Qxd3 cxb4 22.
Be3 Nb5 23.Rxb4 Qb8 24.Rc4 Rc7 25.Rfc1 Rxc4 26.Rxc4 Qb7 27.h4 Re8 28.h5 
Kf8 29.hxg6 hxg6 30.f4 e6 31.dxe6 fxe6 32.Rc2 Qf7 33.Rf2 Kg8 34.g4 Qf6 35.
g5 Qc3 36.Rd2 Qxd3 37.Rxd3 Bc3 38.Nc4 Rd8 39.Bb6 Rd7 40.Na3 Nxa3 41.Rxc3 
Nb5 42.Rc8+ Kf7 43.Kf2 d5 44.exd5 exd5 45.Ke3 d4+ 46.Kd3 Ke6 47.Rc6+ Kd5 
48.Rxg6 Re7 49.Rf6 Re3+ 50.Kd2 Rg3 51.Rf8 Rg2+ 52.Kd3 Rg3+ 53.Kd2 Rg2+ 54.
Kd3 Rg3+ 55.Kd2 1/2-1/2

[Event "19th Hoogeveen op"]
[Site "Hoogeveen NED"]
[Date "2015.10.20"]
[Round "5.19"]
[White "Heemskerk, Wim"]
[Black "Rudolf, Anna"]
[Result "1/2-1/2"]
[WhiteElo "2181"]
[BlackElo "2329"]
[EventDate "2015.10.17"]
[PlyCount "102"]

1.Nf3 d5 2.g3 Nf6 3.Bg2 e6 4.O-O Be7 5.c4 O-O 6.b3 b6 7.Bb2 Bb7 8.e3 c5 9.
Nc3 dxc4 10.bxc4 Nc6 11.Qe2 a6 12.Rfd1 Qc7 13.Rab1 Na5 14.d3 Rfd8 15.Ne1 
Bxg2 16.Nxg2 Qc6 17.Ba1 Rab8 18.a4 Qc7 19.g4 Ne8 20.h4 Nc6 21.g5 Rd7 22.
Nf4 Nd6 23.Nh5 Nf5 24.Ne4 Ne5 25.f4 Ng6 26.Qb2 e5 27.fxe5 Bd8 28.Qf2 Nfxh4
29.Nxg7 Nxe5 30.Ne8 Nef3+ 31.Kf1 Qc8 32.Qg3 Bc7 33.N4f6+ Kf8 34.Nxc7 Rxc7 
35.Qd6+ Re7 36.Nxh7+ Kg8 37.Nf6+ Kf8 38.Nd7+ Qxd7 39.Qxb8+ Re8 40.Qg3 Rxe3
41.Kf2 Qe8 42.Rxb6 Re2+ 43.Kf1 Nh2+ 44.Kg1 Rg2+ 45.Qxg2 Nxg2 46.Rdb1 Qe3+ 
47.Kxh2 Nf4 48.Rb8+ Ke7 49.Bf6+ Kd7 50.R1b7+ Kc6 51.Rb6+ Kd7 1/2-1/2

[Event "19th Hoogeveen op"]
[Site "Hoogeveen NED"]
[Date "2015.10.20"]
[Round "5.20"]
[White "Maris, Ivo"]
[Black "Hulshof, Peter"]
[Result "1/2-1/2"]
[WhiteElo "2319"]
[BlackElo "2175"]
[EventDate "2015.10.17"]
[PlyCount "42"]

1.d4 g6 2.Nf3 Bg7 3.g3 d6 4.Bg2 Nf6 5.c4 O-O 6.Nc3 Nbd7 7.O-O e5 8.e4 h6 
9.h3 Nh7 10.Kh2 Ng5 11.Nxg5 hxg5 12.d5 a5 13.Be3 Nc5 14.Qd2 f6 15.b3 Kf7 
16.f4 gxf4 17.gxf4 exf4 18.Bxc5 dxc5 19.Qxf4 Kg8 20.Qg3 Qd6 21.Rae1 Qxg3+ 
1/2-1/2

[Event "19th Hoogeveen op"]
[Site "Hoogeveen NED"]
[Date "2015.10.20"]
[Round "5.22"]
[White "Majhi, Ankit"]
[Black "Mellema, Andries"]
[Result "1-0"]
[WhiteElo "2233"]
[BlackElo "2162"]
[EventDate "2015.10.17"]
[PlyCount "55"]

1.e4 e6 2.d4 b6 3.c3 Bb7 4.Nd2 c5 5.Ngf3 Nf6 6.Bd3 cxd4 7.cxd4 Nc6 8.O-O 
Nb4 9.Bb1 Ba6 10.Re1 Nd3 11.Bxd3 Bxd3 12.Qb3 Ba6 13.e5 Nd5 14.Ne4 f5 15.
exf6 Nxf6 16.Bg5 Bb7 17.d5 Be7 18.Bxf6 gxf6 19.dxe6 d5 20.Qa4+ Kf8 21.Ng3 
Qe8 22.Qf4 Qg6 23.Rac1 Re8 24.Rc7 Bc8 25.h4 Rg8 26.h5 Qg4 27.Qxf6+ Bxf6 
28.Rf7# 1-0

[Event "19th Hoogeveen op"]
[Site "Hoogeveen NED"]
[Date "2015.10.20"]
[Round "5.23"]
[White "Van der Marel, Bert"]
[Black "Hortensius, Lisa"]
[Result "1/2-1/2"]
[WhiteElo "2212"]
[BlackElo "2154"]
[EventDate "2015.10.17"]
[PlyCount "88"]

1.b3 Nf6 2.Bb2 d5 3.g3 g6 4.Bg2 Bg7 5.Nf3 O-O 6.O-O c5 7.c4 d4 8.b4 Nfd7 
9.d3 e5 10.b5 f5 11.Nbd2 Re8 12.Nb3 Qe7 13.Ba3 a5 14.Ne1 a4 15.Nd2 Nf6 16.
Nc2 e4 17.e3 exd3 18.Nxd4 Ng4 19.Qf3 Nd7 20.h3 Ngf6 21.Qd1 Ne4 22.Rc1 Qd8 
23.N4f3 Nc3 24.Rxc3 Bxc3 25.Nb1 Bf6 26.Qxd3 Nb6 27.Qxd8 Rxd8 28.Bxc5 Nxc4 
29.Nd4 Nd6 30.Nc3 Ne4 31.Nxe4 fxe4 32.Bxe4 Bxh3 33.Rc1 Rd7 34.Kh2 Bxd4 35.
Bxd4 Be6 36.a3 Bd5 37.Bxd5+ Rxd5 38.b6 Rd7 39.g4 Kf7 40.f4 Ke6 41.Kg3 Ra5 
42.g5 Kd5 43.Kf3 Rb5 44.Rc7 Ke6 1/2-1/2

[Event "19th Hoogeveen op"]
[Site "Hoogeveen NED"]
[Date "2015.10.20"]
[Round "5.24"]
[White "Hilwerda, Jonas"]
[Black "Jeitz, Christian"]
[Result "0-1"]
[WhiteElo "1954"]
[BlackElo "2198"]
[EventDate "2015.10.17"]
[PlyCount "42"]

1.e4 c5 2.Nf3 Nc6 3.d4 cxd4 4.Nxd4 e6 5.Nc3 a6 6.Nxc6 bxc6 7.Bd3 d5 8.O-O 
Nf6 9.Re1 Be7 10.e5 Nd7 11.Qg4 g6 12.Bh6 Rb8 13.Qh3 Bf8 14.Bxf8 Kxf8 15.
Qh6+ Kg8 16.b3 Qf8 17.Qg5 Kg7 18.f4 Qc5+ 19.Kh1 Qxc3 20.f5 exf5 21.e6 f6 
0-1